Eishockey Mannschaften der Schweiz - Statistiken

Allgemein
  • Dieses Quiz wurde 184 mal gespielt
  • Das Durchschnittsergebnis liegt bei 12 aus 14
Antwortstatistiken
Hint Antwort % Korrekt
9 SC Bern
99%
6 ZSC Lions
93%
1 HC Davos
92%
3 HC Lugano
90%
2 EV Zug
88%
13 HC Genf Servette
88%
4 HC Lausanne
87%
11 EHC Kloten
84%
14 HC Ambri Piotta
84%
5 HC Fribourg Gotteron
84%
10 SCL Tigers Langnau
84%
7 EHC Biel Bienne
81%
8 SC Rapperswil Jona
81%
12 HC Ajoie
73%
Keine übereinstimmenden Quizze gefunden
Verteilung der Resultate
Anzahl Personen mit jedem Resultat
Perzentil nach korrekt beantworteten Fragen
Ihre Resultats-Entwicklung
Sie haben dieses Quiz noch nicht gespielt